[Event "Challenge"]
[Site "http://www.queenalice.com/game.php?id=668458"]
[Date "2009.10.17"]
[Round "-"]
[White "lajoie"]
[Black "darewing"]
[Result "1-0"]
[WhiteElo "2303"]
[BlackElo "2419"]

1. e4 c5 2. Nf3 d6 3. d4 cxd4 4. Nxd4 Nf6 5. Nc3 a6 6. Be3 Ng4 7. Bg5 h6 8. Bh4
g5 9. Bg3 Bg7 10. h3 Ne5 11. Qd2 Nbc6 12. O-O-O Nxd4 13. Qxd4 Be6 14. Nd5 Qa5
15. Kb1 Rc8 16. c3 Bxd5 17. exd5 O-O 18. Qe4 Nd7 19. Bd3 Nf6 20. Qf5 Rc5 21. Bc2
Rfc8 22. Bb3 e6 23. Qf3 Nxd5 24. Rxd5 exd5 25. Bxd6 R5c6 26. Bg3 Rd8 27. Rd1 Rc5
28. h4 Qb6 29. hxg5 Qg6+ 30. Bc2 Qxg5 31. Rh1 Rdc8 32. Bd6 Rb5 33. Qd3 f5 34.
Bb4 d4 35. a4 Rxb4 36. cxb4 Qxg2 37. Re1 Rf8 38. b5 axb5 39. Qxb5 Qc6 40. Qb3+
Kh7 41. Re7 b6 42. Rf7 Rxf7 43. Qxf7 Kh8 44. Qxf5 Kg8 45. Bb3+ Kh8 46. f4 Qf6
47. Qd5 Qf8 48. Qe4 Qd8 49. Bc4 Bf6 50. Bd3 Qe7 51. Qg6 Qg7 52. Qe8+ Qg8 53. Qe4
Qg1+ 54. Kc2 Qg8 55. Qb7 h5 56. Qxb6 Qg2+ 57. Kb1 Qh1+ 58. Ka2 Qd5+ 59. Ka1 Kg7
60. a5 Qh1+ 61. Bb1 Qd5 62. a6 Qc4 63. Qa5 d3 64. a7 d2 65. a8=Q d1=Q 66. Qa3
1-0

[Event "Challenge"]
[Site "http://www.queenalice.com/game.php?id=668459"]
[Date "2009.10.17"]
[Round "-"]
[White "darewing"]
[Black "lajoie"]
[Result "1/2-1/2"]
[WhiteElo "2414"]
[BlackElo "2302"]

1. c4 e5 2. g3 Nf6 3. Bg2 Bc5 4. Nc3 Nc6 5. Nf3 O-O 6. Nxe5 Bxf2+ 7. Kxf2 Nxe5
8. b3 Nfg4+ 9. Kg1 Qf6 10. Qf1 Qb6+ 11. e3 Qa5 12. Bb2 d6 13. h3 Nf6 14. d4 Nc6
15. Nb5 a6 16. d5 axb5 17. dxc6 b6 18. cxb5 Be6 19. Bxf6 gxf6 20. Qd3 Qb4 21.
Rh2 Bxb3 22. Rb1 Bc4 23. Qxh7+ Kxh7 24. Rxb4 Bxa2 25. Be4+ Kg7 26. Rd2 Be6 27.
h4 Rh8 28. Kg2 Ra5 29. Kf3 Rh5 30. Bd3 Rc5 31. Kf4 f5 32. Rd4 Ra1 33. Be2 Ra3
34. Kf3 Kg6 35. Kf4 Re5 36. Bd3 Kh6 37. Rb2 Rc5 38. Rg2 Rcc3 1/2-1/2

[Event "Challenge"]
[Site "http://www.queenalice.com/game.php?id=668815"]
[Date "2009.10.18"]
[Round "-"]
[White "lajoie"]
[Black "butanito"]
[Result "1/2-1/2"]
[WhiteElo "2303"]
[BlackElo "2275"]

1. e4 c5 2. Nf3 d6 3. d4 cxd4 4. Nxd4 Nf6 5. Nc3 a6 6. Be3 e5 7. Nb3 Be7 8. Be2
Be6 9. O-O O-O 10. Qd2 Nbd7 11. f4 Rc8 12. f5 Bc4 13. Bxc4 Rxc4 14. Qd3 Qc7 15.
Nd2 Rc6 16. a4 Rc8 17. a5 Qb8 18. Kh1 Bd8 19. Nb3 h6 20. Rfd1 Be7 21. Bf2 R8c7
22. Qe2 Qc8 23. Rd3 Rc4 24. Kg1 d5 25. exd5 Bb4 26. d6 R7c6 27. Nd2 Rf4 28. Be3
Bxc3 29. bxc3 Rxf5 30. g4 e4 31. Nxe4 Re5 32. Nxf6+ Nxf6 33. Qd1 Qd7 34. Bf4 Re4
35. Qf3 Rcc4 36. Rd4 Qc6 37. Rxc4 Qxc4 38. Bg3 Qd5 39. Qf5 Qc6 40. Rd1 Re2 41.
Bf2 Re6 42. Qd3 Nd7 43. h3 Re5 44. c4 h5 45. Bg3 Rxa5 46. Re1 Nf8 47. Re7 hxg4
48. hxg4 b5 49. cxb5 axb5 50. Be1 Ra1 51. Kh2 Rc1 52. Rc7 Qe8 53. Bd2 Ra1 54. d7
Qd8 55. Kg2 Ra8 56. Ba5 Rxa5 57. Rc8 Ra8 58. Rxd8 Rxd8 59. Qxb5 Rxd7 60. c4 Rd4
61. Kg3 Rd3+ 62. Kf2 Rd4 63. c5 Rxg4 64. c6 Ne6 65. c7 Nxc7 66. Qb8+ Kh7 67.
Qxc7 Rg6 68. Ke3 Rf6 69. Qh2+ Kg8 70. Qb8+ 1/2-1/2

[Event "AUTO-ELITE-350"]
[Site "http://www.queenalice.com/game.php?id=693117"]
[Date "2009.12.4"]
[Round "2"]
[White "Conde7"]
[Black "lajoie"]
[Result "1-0"]
[WhiteElo "2721"]
[BlackElo "2305"]

1. e4 e5 2. Nf3 Nc6 3. Bb5 a6 4. Ba4 Nf6 5. O-O Be7 6. Re1 b5 7. Bb3 O-O 8. c3
d6 9. h3 Na5 10. Bc2 c5 11. d4 Qc7 12. Nbd2 cxd4 13. cxd4 Nc6 14. Nb3 a5 15. Be3
a4 16. Nbd2 Bd7 17. Rc1 Qb7 18. a3 Rfc8 19. Bb1 Rc7 20. Qe2 Rac8 21. Rcd1 h6 22.
Kh1 Ne8 23. dxe5 dxe5 24. Bd3 Nd6 25. Nb1 Be6 26. Nc3 Nc4 27. Nd5 Rd7 28. Bxc4
bxc4 29. Qxc4 Nd4 30. Qxa4 Nxf3 31. gxf3 Bxd5 32. Rxd5 Rxd5 33. exd5 Qxd5 34.
Kg2 Rc6 35. Kh2 Rc7 36. Qe4 Qe6 37. Rc1 Rxc1 38. Bxc1 f5 39. Qc2 e4 40. fxe4
Bd6+ 41. Kg2 fxe4 42. b4 Qg6+ 43. Kf1 Qe6 44. Ke1 Kf7 45. Qc3 Be5 46. Qc5 Bf6
47. Be3 Qxh3 48. b5 Qe6 49. Qc7+ Kg6 50. Qc2 Be7 51. a4 Kf7 52. Qc7 Qd5 53. b6
Ke6 54. Qc8+ Kf7 55. Qc3 Bd6 56. Qd2 Qc6 57. a5 Ke6 58. Qa2+ Qd5 59. Qxd5+ Kxd5
60. a6 Kc6 61. Kf1 1-0

[Event "AUTO-ELITE-350"]
[Site "http://www.queenalice.com/game.php?id=693118"]
[Date "2009.12.4"]
[Round "2"]
[White "lajoie"]
[Black "Conde7"]
[Result "0-1"]
[WhiteElo "2304"]
[BlackElo "2722"]

1. e4 c5 2. Nf3 d6 3. d4 cxd4 4. Nxd4 Nf6 5. Nc3 a6 6. Be3 e6 7. Be2 Be7 8. O-O
Nc6 9. a4 O-O 10. Nxc6 bxc6 11. f4 Qc7 12. Kh1 c5 13. f5 exf5 14. exf5 Re8 15.
b3 h6 16. Qd3 Bb7 17. Bf4 Qd7 18. Rae1 Rad8 19. Bf3 Bxf3 20. Rxf3 Bf8 21. Bg3
Qc6 22. Rfe3 Rxe3 23. Rxe3 d5 24. Re1 d4 25. Nd1 Nd5 26. Nb2 Nb4 27. Qe2 Rd5 28.
Rf1 Qf6 29. Qf2 d3 30. cxd3 Qc3 31. f6 g6 32. Qe2 Qxb3 33. Rf3 Nc6 34. Bf2 Re5
35. Qd2 Qb4 36. Be3 Nd4 37. Rf2 Nc2 38. Qxb4 cxb4 39. Rxc2 Rxe3 40. Kg1 Re6 41.
Kf2 Rxf6+ 42. Ke3 Re6+ 43. Kf3 Re1 44. Rc6 Rf1+ 45. Ke3 b3 46. Rxa6 Rb1 47. Nc4
b2 48. Kd4 Rg1 49. Nxb2 Bg7+ 50. Kc4 Bxb2 51. Ra8+ Kg7 52. a5 Rxg2 53. a6 Ba1
54. h3 Rc2+ 55. Kb5 Ra2 56. Ra7 Kf6 57. Ra8 Ke7 58. Ra7+ Ke6 59. Ra8 f5 60. Re8+
Kf6 61. Kb6 Ra3 0-1

[Event "AUTO-ELITE-350"]
[Site "http://www.queenalice.com/game.php?id=693119"]
[Date "2009.12.4"]
[Round "2"]
[White "PackoJones"]
[Black "lajoie"]
[Result "1-0"]
[WhiteElo "2563"]
[BlackElo "2318"]

1. e4 e5 2. Nf3 Nc6 3. Bb5 a6 4. Ba4 Nf6 5. Qe2 b5 6. Bb3 Be7 7. O-O d6 8. c3
O-O 9. Rd1 Na5 10. Bc2 c5 11. d4 Qc7 12. d5 Bd7 13. Nbd2 h6 14. Nf1 Nc4 15. Ng3
Rfe8 16. Nh4 g6 17. h3 Kg7 18. b3 Nb6 19. Qd2 Rh8 20. Nf3 Qc8 21. Qe2 a5 22. Be3
Qa6 23. Bd3 c4 24. bxc4 Nxc4 25. a4 Nxe3 26. axb5 Qb6 27. Qxe3 Qxe3 28. fxe3
Rhc8 29. c4 Bd8 30. Ra4 Bb6 31. Kf2 Rc7 32. Nd2 h5 33. Ne2 h4 34. Nc3 g5 35.
Raa1 Bc5 36. Na4 Bb4 37. Nf3 Kh6 38. Rf1 Rb7 39. Kg1 Nh5 40. Ne1 f5 41. exf5 Ng3
42. e4 Nxf1 43. Kxf1 Kg7 44. Nc2 Bd2 45. Ke2 Bf4 46. c5 Bxb5 47. c6 Bxd3+ 48.
Kxd3 Rb3+ 49. Kc4 Rbb8 50. Ra2 Bd2 51. Nb2 a4 52. Rxa4 Kf7 53. Rxa8 Rxa8 54. Kd3
Ba5 55. Nc4 Bc7 56. N2e3 Ra2 57. Nd2 Ra3+ 58. Ke2 Ra2 59. Nc4 Kf6 60. Ke3 Ke7
61. Kd3 Kf6 62. Kc3 Ra8 63. Nf3 Ra2 64. Ncd2 Ra8 65. Nh2 Ba5+ 66. Kd3 Bd8 67.
Ng4+ Kf7 68. Nf3 Ra2 69. Nfxe5+ dxe5 70. d6 Ra6 71. Nxe5+ Kf6 72. Nd7+ Kg7 73.
f6+ Kf7 74. Kd4 Ra4+ 75. Kc5 Ra5+ 76. Kc4 Ra4+ 77. Kb3 Ra7 78. e5 Ke6 79. Kb4
Ra8 80. Nc5+ Kxe5 81. c7 1-0

[Event "AUTO-ELITE-350"]
[Site "http://www.queenalice.com/game.php?id=693120"]
[Date "2009.12.4"]
[Round "2"]
[White "lajoie"]
[Black "PackoJones"]
[Result "1/2-1/2"]
[WhiteElo "2313"]
[BlackElo "2566"]

1. e4 e5 2. Nf3 Nf6 3. Nxe5 d6 4. Nf3 Nxe4 5. d4 d5 6. Bd3 Bd6 7. O-O O-O 8. c4
c6 9. Re1 Bb4 10. Re3 h6 11. Qb3 Bd6 12. Nc3 dxc4 13. Bxc4 Nf6 14. h3 Qc7 15.
Qc2 Nbd7 16. Bd2 Rd8 17. Rc1 Nf8 18. Re2 Be6 19. Bd3 Nd5 20. a3 Nxc3 21. Bxc3
Bd5 22. Be4 Ne6 23. Rce1 Rac8 24. Bh7+ Kh8 25. Be4 b6 26. g3 Qb7 27. Qd3 Qd7 28.
Bf5 Re8 29. Ne5 Bxe5 30. Rxe5 Rcd8 31. h4 a5 32. Qa6 Ra8 33. Qe2 Kg8 34. Qg4 Qe7
35. Bc2 Qf6 36. Rf5 Qe7 37. Bd2 Kf8 38. Bxh6 gxh6 39. Qg6 Red8 40. Qxh6+ Ke8 41.
Qh5 Qf8 42. Rxf7 Qxf7 43. Bg6 Qxg6 44. Qxg6+ Kd7 45. h5 Rh8 46. Re5 Rag8 47. Qf5
Kd6 48. Re3 Rf8 49. Qe5+ Kd7 50. f4 Rh7 51. Re2 Rfh8 52. g4 Rg8 53. Qf5 Rhg7 54.
g5 Rf8 55. Qh3 Rxf4 56. g6 Rxd4 57. Kf2 Rg8 58. Ke1 c5 59. h6 Rxg6 60. h7 Rg1+
61. Kf2 Rgd1 62. h8=Q Rf4+ 63. Kg3 Rg1+ 64. Qg2 Bxg2 65. Rxg2 Rxg2+ 66. Kxg2 Rd4
67. Kf3 Ng5+ 68. Ke2 Ne6 69. Kf2 a4 70. Qh7+ Kc6 71. Qg6 Kd5 72. Ke3 Ke5 73. Qf7
Nf4 74. Kf3 Ne6 75. Qh5+ Kd6 76. Qh6 Rc4 77. Qh2+ Nf4 78. Kg4 Kc6 79. Kf5 Nd3
80. Qg2+ Kb5 81. Qe2 1/2-1/2

[Event "AUTO-ELITE-529"]
[Site "http://www.queenalice.com/game.php?id=758126"]
[Date "2010.4.8"]
[Round "1"]
[White "Pumuckel"]
[Black "lajoie"]
[Result "1/2-1/2"]
[WhiteElo "2421"]
[BlackElo "2336"]

1. Nf3 Nf6 2. c4 e6 3. g3 d5 4. d4 dxc4 5. Bg2 Nc6 6. Qa4 Bb4+ 7. Bd2 Nd5 8.
Bxb4 Nxb4 9. O-O Rb8 10. Na3 O-O 11. Qb5 b6 12. Qxc4 Qe7 13. Qc1 Na5 14. Nc2 Bb7
15. Nxb4 Qxb4 16. b3 Rbc8 17. Rd1 Rfd8 18. Qf4 Qd6 19. Rac1 Qxf4 20. gxf4 Bd5
21. Ne1 Bxg2 22. Kxg2 Nb7 23. Rd3 f6 24. Rdc3 c5 25. e3 Nd6 26. dxc5 Ne4 27. Rd3
Nxc5 28. Rdc3 Ra8 29. b4 Ne4 30. R3c2 a5 31. a3 h6 32. Nf3 Rd3 33. bxa5 Rxa5 34.
Rc8+ Kh7 35. R8c6 e5 36. fxe5 fxe5 37. Rxb6 Rdxa3 38. Re6 Ra2 39. Rf1 Nd2 40.
Nxd2 Rxd2 41. Kf3 Rd7 42. Ke4 Rf7 43. h3 Ra2 44. f3 h5 45. Kxe5 Ra5+ 46. Kd4
Ra4+ 47. Ke5 1/2-1/2

[Event "AUTO-ELITE-529"]
[Site "http://www.queenalice.com/game.php?id=758127"]
[Date "2010.4.8"]
[Round "1"]
[White "lajoie"]
[Black "Pumuckel"]
[Result "1-0"]
[WhiteElo "2321"]
[BlackElo "2431"]

1. e4 c5 2. Nf3 d6 3. d4 cxd4 4. Nxd4 Nf6 5. Nc3 e6 6. Be3 a6 7. Be2 Nbd7 8. f3
Qc7 9. Qd2 Ne5 10. O-O-O b5 11. a3 Be7 12. Ndxb5 axb5 13. Nxb5 Qb8 14. Nxd6+ Kf8
15. f4 Ng6 16. Bc5 Qc7 17. Bb4 h5 18. Bf3 e5 19. f5 Nh4 20. Rhg1 Ba6 21. Be2
Bxe2 22. Qxe2 Rb8 23. Qd3 Kg8 24. g3 Nf3 25. Qxf3 Rxb4 26. axb4 Bxd6 27. Qd3 Be7
28. c3 Kh7 29. Kb1 Ra8 30. Rge1 Qb7 31. Kc2 Qc6 32. Ra1 Rxa1 33. Rxa1 Bxb4 34.
Ra6 Qc7 35. Qb5 Bf8 36. Qc6 Qxc6 37. Rxc6 Nxe4 38. b4 Nd6 39. Kd1 h4 40. g4 g6
41. f6 g5 42. c4 Kg6 43. c5 Ne4 44. Ke2 1-0

[Event "AUTO-ELITE-529"]
[Site "http://www.queenalice.com/game.php?id=758132"]
[Date "2010.4.8"]
[Round "1"]
[White "biscuter"]
[Black "lajoie"]
[Result "1/2-1/2"]
[WhiteElo "2445"]
[BlackElo "2339"]

1. e4 e5 2. Nf3 Nc6 3. Bc4 Bc5 4. b4 Bxb4 5. c3 Ba5 6. d4 exd4 7. O-O Nge7 8.
Ng5 Ne5 9. Bb3 d5 10. cxd4 N5g6 11. f4 h6 12. Nxf7 Kxf7 13. f5 Rf8 14. fxg6+
Kxg6 15. Rxf8 Qxf8 16. e5 Kh7 17. Ba3 Bb6 18. Qd2 Qe8 19. Nc3 Nf5 20. Bc5 Bxc5
21. dxc5 c6 22. Re1 Qe7 23. Qf2 g6 24. Bc2 Ng7 25. Ne2 Bf5 26. Nf4 Rf8 27. g3
Bxc2 28. Qxc2 Qg5 29. Qf2 Qf5 30. Qe3 g5 31. Ne2 Qc2 32. e6 Nf5 33. Qc1 Qxa2 34.
g4 Ng7 35. e7 Re8 36. Ng3 Kg8 37. Qc3 Qc4 38. Qf6 Qxc5+ 39. Kg2 Qb4 40. Re2 Qxg4
41. Qxh6 c5 42. Re5 Kf7 43. Rxg5 Qd4 44. Qg6+ Kxe7 45. Qxg7+ Qxg7 46. Rxg7+ Kd6
47. Rxb7 Ra8 48. Kf3 a5 49. Kf4 Kc6 50. Rb1 a4 51. h4 a3 52. h5 a2 53. Ra1 d4
54. h6 Kd5 55. Ne2 Kc4 56. Nc1 d3 57. Ke3 Re8+ 1/2-1/2

[Event "AUTO-ELITE-529"]
[Site "http://www.queenalice.com/game.php?id=758133"]
[Date "2010.4.8"]
[Round "1"]
[White "lajoie"]
[Black "biscuter"]
[Result "1/2-1/2"]
[WhiteElo "2342"]
[BlackElo "2447"]

1. e4 c5 2. Nf3 Nc6 3. d4 cxd4 4. Nxd4 e5 5. Nb5 a6 6. Nd6+ Bxd6 7. Qxd6 Qf6 8.
Qc7 Nge7 9. Nc3 Nb4 10. Bd3 d5 11. O-O d4 12. Na4 Qc6 13. Qa5 Nxd3 14. cxd3 b5
15. Nb6 Rb8 16. Nxc8 Rxc8 17. Bg5 f6 18. Rac1 Qe6 19. Rxc8+ Qxc8 20. Bd2 Kf7 21.
f4 exf4 22. Bxf4 Nc6 23. Qb6 Re8 24. Rc1 Re6 25. h4 h6 26. h5 Ne7 27. Rxc8 Rxb6
28. Rd8 f5 29. Rxd4 Rc6 30. exf5 Nxf5 31. Rd7+ Ke6 32. Ra7 Nd4 33. Be3 Nf5 34.
Bd2 Kd5 35. g4 Rc2 36. Bf4 Nh4 37. Rxg7 Rxb2 38. Rd7+ Kc5 39. Bxh6 Nf3+ 40. Kf1
Kc6 41. Rg7 Rxa2 42. Bf4 Nh2+ 43. Kg1 Nf3+ 44. Kh1 Ra1+ 45. Kg2 Ne1+ 46. Kg3
Nxd3 47. h6 Nxf4 48. Kxf4 b4 49. h7 Rh1 50. g5 b3 51. Rg6+ Kb7 52. Rh6 Rxh6 53.
gxh6 b2 54. h8=Q b1=Q 55. Qg7+ Ka8 56. Qf8+ Kb7 57. Qe7+ Kb8 58. Qe5+ Ka7 59.
Qc7+ Ka8 60. h7 Qf1+ 61. Kg5 Qg2+ 62. Kf6 Qf3+ 63. Kg7 Qg4+ 64. Kf7 Qf5+ 65. Kg8
Qg6+ 66. Qg7 Qe6+ 67. Qf7 Qg4+ 68. Kf8 Qb4+ 69. Qe7 Qf4+ 70. Kg8 1/2-1/2

[Event "Challenge"]
[Site "http://www.queenalice.com/game.php?id=785231"]
[Date "2010.6.3"]
[Round "-"]
[White "lajoie"]
[Black "Rudolf"]
[Result "1/2-1/2"]
[WhiteElo "2342"]
[BlackElo "2347"]

1. e4 c5 2. Nf3 d6 3. d4 cxd4 4. Nxd4 Nf6 5. Nc3 a6 6. Bc4 e6 7. O-O b5 8. Bd3
Be7 9. Be3 O-O 10. f3 Bb7 11. a4 b4 12. Na2 d5 13. e5 Nfd7 14. f4 Nc6 15. Nc1
Nc5 16. Ncb3 Nxd4 17. Bxd4 Nxd3 18. cxd3 Rc8 19. Qe2 Rc6 20. Be3 d4 21. Nxd4 Rc8
22. Rfc1 Qd7 23. a5 Rfd8 24. h3 h6 25. Kh2 Ba8 26. Rc4 Bd5 27. Rcc1 Rxc1 28.
Rxc1 Rc8 29. Rxc8+ Qxc8 30. Qd1 Qb7 31. Qc2 Bd8 32. Nb3 Qb5 33. Bb6 Bxb3 34. Qc8
Bd5 35. Qxd8+ Kh7 36. Qh4 Qxd3 37. Qg3 Qc2 38. Qf2 b3 39. Qxc2+ bxc2 40. Be3 h5
41. g3 h4 42. g4 Kg8 43. Kg1 Kf8 44. Kf2 Be4 45. Ke1 Bg2 46. b4 Ke8 47. b5 axb5
48. a6 Kd7 49. Kd2 Bxh3 50. a7 Bg2 51. Kxc2 Bf3 52. Kc3 Kc8 53. Kb4 Kb7 54. Kxb5
Bxg4 55. Kc4 h3 56. Bg1 Be2+ 57. Kc3 Bb5 58. Kd2 Bc4 59. Ke1 Ka8 60. Kf2 Kxa7
61. Kg3+ Kb7 62. Kxh3 Kc6 63. Bd4 Be2 1/2-1/2

[Event "AUTO-ELITE-529"]
[Site "http://www.queenalice.com/game.php?id=806782"]
[Date "2010.7.22"]
[Round "2"]
[White "lajoie"]
[Black "Vonkinho"]
[Result "1-0"]
[WhiteElo "2350"]
[BlackElo "2116"]

1. e4 e5 2. Nf3 Nf6 3. Nxe5 d6 4. Nf3 Nxe4 5. d4 d5 6. Bd3 Bd6 7. O-O Bg4 8. c4
O-O 9. cxd5 f5 10. h3 Bh5 11. Nc3 Nd7 12. Nxe4 fxe4 13. Bxe4 Nf6 14. Bf5 Kh8 15.
Qd3 Nxd5 16. Ne5 Qf6 17. Be4 Nf4 18. Bxf4 Qxf4 19. g3 Qh6 20. Rae1 Rad8 21. Bxb7
Qf6 22. Qc3 Be8 23. Bd5 c5 24. dxc5 Bxe5 25. Qxe5 Qa6 26. Re3 Bb5 27. Rfe1 Bd3
28. Qd4 Bf5 29. Re7 Qh6 30. c6 Bc8 31. c7 Rd6 32. Re8 Rf6 33. Qc5 g5 34. Qd4 Qg7
35. R1e7 1-0

[Event "AUTO-ELITE-529"]
[Site "http://www.queenalice.com/game.php?id=806783"]
[Date "2010.7.22"]
[Round "2"]
[White "Vonkinho"]
[Black "lajoie"]
[Result "0-1"]
[WhiteElo "2112"]
[BlackElo "2345"]

1. d4 Nf6 2. c4 e6 3. Nf3 b6 4. g3 Ba6 5. b3 Bb4+ 6. Bd2 Be7 7. Bg2 O-O 8. Bc3
d5 9. Ne5 Ne4 10. Bxe4 dxe4 11. Nd2 f6 12. Ng4 Nc6 13. Nf1 Qe8 14. h4 Rd8 15. e3
f5 16. Ngh2 e5 17. d5 Nb4 18. Nd2 Nd3+ 19. Kf1 Rxd5 20. Kg2 Rd8 21. f3 f4 22.
Qe2 exf3+ 23. Nhxf3 Qg6 0-1

[Event "AUTO-ELITE-658"]
[Site "http://www.queenalice.com/game.php?id=857484"]
[Date "2010.11.11"]
[Round "1"]
[White "Donidon"]
[Black "lajoie"]
[Result "0-1"]
[WhiteElo "2296"]
[BlackElo "2366"]

1. e4 e5 2. f4 exf4 3. Nf3 g5 4. d4 d6 5. Bc4 Bg7 6. O-O h6 7. g3 g4 8. Nh4 f3
9. Nf5 Bxf5 10. exf5 d5 11. Re1+ Ne7 12. Bb5+ c6 13. Bf1 O-O 14. c3 Nxf5 15. Bd3
Nd6 16. Bf4 Na6 17. Qb3 Nc7 18. Qb4 Re8 19. Nd2 Bf8 20. Rxe8 Qxe8 21. Qa4 Ne6
22. Re1 Qd7 23. Be3 Re8 24. Qxa7 Ng5 25. Kf1 Nh3 26. Qa4 Nf5 27. Be4 dxe4 28.
Qc2 c5 29. Nc4 cxd4 30. cxd4 Bb4 31. Nd2 Bxd2 32. Qxd2 Qb5+ 33. Re2 Rc8 0-1

[Event "AUTO-ELITE-658"]
[Site "http://www.queenalice.com/game.php?id=857485"]
[Date "2010.11.11"]
[Round "1"]
[White "lajoie"]
[Black "Donidon"]
[Result "1-0"]
[WhiteElo "2355"]
[BlackElo "2315"]

1. e4 c5 2. Nf3 Nc6 3. Bb5 g6 4. O-O Bg7 5. Re1 Nf6 6. e5 Nd5 7. Nc3 e6 8. Ne4
O-O 9. Bxc6 dxc6 10. Nxc5 b6 11. Ne4 f6 12. d4 fxe5 13. dxe5 Qc7 14. c4 Ne7 15.
Bg5 c5 16. Nf6+ Kh8 17. Nh4 Nf5 18. Qg4 Qf7 19. Rad1 Bxf6 20. exf6 Bb7 21. Nxf5
gxf5 22. Qf4 Rg8 23. f3 Rae8 24. Bh4 Ref8 25. Rd6 Re8 26. Bg3 Bc8 27. Qh4 Ref8
28. Be5 Rg6 29. Rc6 Rfg8 30. Rc7 Rxg2+ 31. Kh1 Bd7 32. Rxd7 1-0

[Event "AUTO-ELITE-658"]
[Site "http://www.queenalice.com/game.php?id=857490"]
[Date "2010.11.11"]
[Round "1"]
[White "GMNeny"]
[Black "lajoie"]
[Result "0-1"]
[WhiteElo "2462"]
[BlackElo "2378"]

1. e4 e5 2. Nf3 Nc6 3. Bb5 a6 4. Bxc6 dxc6 5. O-O f6 6. d4 exd4 7. Nxd4 c5 8.
Ne2 Bd6 9. Nbc3 Ne7 10. Bf4 Be6 11. Qd2 g5 12. Bxd6 Qxd6 13. Qe3 O-O-O 14. Rad1
Qc6 15. b3 Kb8 16. Rd3 h6 17. Rfd1 Rde8 18. f3 f5 19. Qd2 Rhg8 20. Nd5 fxe4 21.
fxe4 Bc8 22. c4 Rgf8 23. Nxe7 Rxe7 24. Nc3 b6 25. a4 a5 26. Re1 Qe6 27. Nd5 Ref7
28. Rde3 Bb7 29. Rd1 Rd7 30. Qe2 Qe5 31. Qc2 Bxd5 32. cxd5 Re7 33. Qd2 Kb7 34.
Rde1 g4 35. Qc3 Qxc3 36. Rxc3 Re5 37. Rce3 Rf4 38. g3 Rf8 39. Kg2 c6 40. Rd1 Kc7
41. dxc6 Kxc6 42. h3 h5 43. hxg4 hxg4 44. Rh1 Rfe8 45. Rhe1 b5 46. axb5+ Kxb5
47. R1e2 a4 48. bxa4+ Kxa4 49. Rc2 Kb5 50. Rec3 Rd8 51. Rb2+ Kc6 52. Rbc2 Rd4
53. Kf2 Rdxe4 54. Ra3 Kb5 55. Ra7 Re7 56. Ra8 Re8 57. Ra7 Rf8+ 58. Kg2 Kb6 59.
Rg7 c4 60. Rg6+ Kb5 0-1

[Event "AUTO-ELITE-658"]
[Site "http://www.queenalice.com/game.php?id=857491"]
[Date "2010.11.11"]
[Round "1"]
[White "lajoie"]
[Black "GMNeny"]
[Result "1/2-1/2"]
[WhiteElo "2376"]
[BlackElo "2449"]

1. e4 c5 2. Nf3 d6 3. d4 cxd4 4. Nxd4 Nf6 5. Nc3 a6 6. Be2 e5 7. Nb3 Be7 8. O-O
Be6 9. Be3 Nbd7 10. f4 Qc7 11. f5 Bc4 12. a4 O-O 13. Bxc4 Qxc4 14. Qf3 Rac8 15.
a5 h6 16. Ra4 Qc7 17. Nd2 Rfd8 18. Rc4 Qb8 19. Qe2 d5 20. exd5 Rxc4 21. Nxc4 Bb4
22. Rd1 Bxc3 23. bxc3 Qc7 24. d6 Qc6 25. h3 Nd5 26. Qd3 Nxe3 27. Nxe3 Qc5 28.
Kf2 Qxa5 29. Qe4 Nc5 30. Qh4 f6 31. Qc4+ Kf8 32. Kf3 1/2-1/2

[Event "AUTO-ELITE-658"]
[Site "http://www.queenalice.com/game.php?id=924172"]
[Date "2011.4.10"]
[Round "2"]
[White "lajoie"]
[Black "RenverKestak"]
[Result "1/2-1/2"]
[WhiteElo "2396"]
[BlackElo "2493"]

1. e4 e6 2. d4 d5 3. Nc3 Bb4 4. exd5 exd5 5. Bd3 Nf6 6. Ne2 Nc6 7. O-O O-O 8. a3
Bxc3 9. bxc3 Na5 10. Ng3 Bg4 11. f3 Be6 12. Bg5 h6 13. Bf4 Re8 14. Qc1 Kf8 15.
Rb1 b6 16. Bb5 c6 17. Bd3 Nc4 18. Re1 a6 19. a4 g5 20. Be3 Nxe3 21. Rxe3 Kg7 22.
Re5 Nd7 23. Re1 Nf6 24. f4 g4 25. f5 Bd7 26. Re5 b5 27. axb5 cxb5 28. Rxd5 Qc7
29. Rc5 Qd6 30. Qd1 Qf4 31. Qf1 Qxf1+ 32. Kxf1 h5 33. Ra1 h4 34. Ne2 Ne4 35.
Bxe4 Rxe4 36. g3 a5 37. gxh4 a4 38. Ng3 Rf4+ 39. Kg1 Kg8 40. d5 Ra6 41. Rc7 Rd6
42. Rd1 Kf8 43. Rb7 Rc4 44. Rd3 Ke8 45. h5 Kd8 46. Ra7 Rc7 47. Ra8+ Rc8 48.
Rxc8+ Bxc8 49. Rd1 Rf6 50. Rb1 a3 51. Ra1 Ra6 52. h6 Rxh6 53. Rxa3 Rd6 54. Ra7
f6 55. c4 bxc4 56. Ra5 Bb7 57. Kf2 Bxd5 58. Ke3 Ke7 59. Ra7+ Kf8 60. Rc7 Bc6 61.
c3 Ke8 62. Kf4 Kd8 63. Rf7 Ke8 64. Ra7 Rd1 65. Nh5 Rf1+ 66. Ke3 Kf8 67. Nxf6
Rxf5 68. Nxg4 Bg2 69. Rc7 Rf3+ 70. Kd2 Rd3+ 71. Kc2 Bd5 72. Ne5 Rh3 73. Ng6+ Ke8
74. Re7+ Kd8 75. Re2 Bf7 76. Ne5 Be6 77. Rf2 Kc7 78. Ng6 Kd6 79. Rd2+ Kc6 80.
Kb2 Rh6 81. Nf4 Bf5 82. Kc1 1/2-1/2

[Event "AUTO-ELITE-658"]
[Site "http://www.queenalice.com/game.php?id=924173"]
[Date "2011.4.10"]
[Round "2"]
[White "RenverKestak"]
[Black "lajoie"]
[Result "1/2-1/2"]
[WhiteElo "2480"]
[BlackElo "2393"]

1. e4 e5 2. Nf3 Nc6 3. Bb5 a6 4. Ba4 Nf6 5. O-O Be7 6. Bxc6 dxc6 7. d3 Qd6 8. b3
Bg4 9. Ba3 Qe6 10. Bxe7 Bxf3 11. Qxf3 Qxe7 12. Nd2 O-O 13. Nc4 Rfe8 14. a4 Rad8
15. Qh3 Qb4 16. Ne3 Nd7 17. Nf5 g6 18. Qg3 Nf6 19. Qg5 Nh5 20. Nh6+ Kg7 21. g3
f6 22. Qc1 Rf8 23. a5 Qc3 24. Ng4 Kh8 25. Ra4 Ng7 26. Ne3 Ne6 27. Qa3 Nd4 28.
Qe7 Nb5 29. Kg2 h5 30. h4 Qb2 31. Qc5 Rfe8 32. Nd1 Qc1 33. Ra2 Qd2 34. Qe3 Qxe3
35. fxe3 Kg7 36. Nb2 Nc3 37. Ra3 c5 38. Na4 Nxa4 1/2-1/2

[Event "Challenge"]
[Site "http://www.queenalice.com/game.php?id=1150474"]
[Date "2013.2.10"]
[Round "-"]
[White "caboclo"]
[Black "lajoie"]
[Result "1/2-1/2"]
[WhiteElo "2414"]
[BlackElo "2399"]

1. e4 e5 2. Nf3 Nc6 3. Bb5 a6 4. Bxc6 dxc6 5. O-O f6 6. d4 exd4 7. Nxd4 c5 8.
Ne2 Qxd1 9. Rxd1 Bd7 10. Be3 O-O-O 11. Nbc3 Bd6 12. f3 Ne7 13. Bf4 Bxf4 14. Nxf4
f5 15. Nh5 Rhg8 16. Re1 Bc6 17. Ng3 f4 18. Nge2 g5 19. Rad1 Rxd1 20. Rxd1 Rd8
21. h4 h6 22. Kf2 Rd6 23. g3 fxg3+ 24. Kxg3 Ng6 25. hxg5 hxg5 26. Nc1 Rf6 27.
Nd3 c4 28. Ne1 Ne5 29. Nd5 Rd6 30. Ne3 Kd7 31. N1g2 Rxd1 32. Nxd1 Ke6 1/2-1/2

[Event "Challenge"]
[Site "http://www.queenalice.com/game.php?id=1462906"]
[Date "2017.2.5"]
[Round "-"]
[White "elcurazul"]
[Black "lajoie"]
[Result "0-1"]
[WhiteElo "2427"]
[BlackElo "2408"]

1. e4 e5 2. Nf3 Nc6 3. Bb5 a6 4. Bxc6 dxc6 5. O-O f6 6. d4 Bg4 7. c3 Qe7 8. Nbd2
exd4 9. cxd4 O-O-O 10. h3 Bxf3 11. Qxf3 Rxd4 12. Qe3 Rd8 13. Qa7 Qb4 14. Nb3 Qb6
15. Qxb6 cxb6 16. Be3 c5 17. Rac1 Ne7 18. Nd4 Kd7 19. Ne2 Nc8 20. Nf4 Bd6 21.
Nd5 Rhe8 22. f3 Ke6 23. a4 f5 0-1

[Event "Challenge"]
[Site "http://www.queenalice.com/game.php?id=1462910"]
[Date "2017.2.5"]
[Round "-"]
[White "lajoie"]
[Black "elcurazul"]
[Result "1-0"]
[WhiteElo "2399"]
[BlackElo "2436"]

1. e4 c5 2. Nf3 Nc6 3. Bb5 d6 4. O-O Bd7 5. Re1 Nf6 6. c3 a6 7. Bf1 Bg4 8. d4
cxd4 9. cxd4 d5 10. exd5 Nxd5 11. Nc3 e6 12. h3 Bxf3 13. Qxf3 Bb4 14. Rd1 Qd7
15. Nxd5 exd5 16. g3 O-O 17. a3 Ba5 18. Bg2 Rad8 19. Qb3 Rfe8 20. Be3 Ne7 21. h4
h6 22. Rac1 b5 23. Kh2 Qg4 24. Qd3 Bb6 25. Bh3 1-0

[Event "Challenge"]
[Site "http://www.queenalice.com/game.php?id=1474426"]
[Date "2017.4.20"]
[Round "-"]
[White "betanio"]
[Black "lajoie"]
[Result "0-1"]
[WhiteElo "2528"]
[BlackElo "2427"]

1. e4 e5 2. Nf3 Nc6 3. Bb5 a6 4. Ba4 Nf6 5. O-O Be7 6. Re1 b5 7. Bb3 d6 8. c3
O-O 9. h3 Na5 10. Bc2 c5 11. d4 Qc7 12. d5 Bd7 13. b3 g6 14. Be3 Nh5 15. Nbd2
Nb7 16. Bh6 Rfe8 17. Nf1 c4 18. b4 a5 19. a3 Ra6 20. Qc1 Rea8 21. Qb2 Nd8 22.
Be3 Nf4 23. Ng3 axb4 24. axb4 Nd3 25. Bxd3 Rxa1 26. Rxa1 Rxa1+ 27. Qxa1 cxd3 28.
Ne1 f5 29. exf5 gxf5 30. Nxd3 f4 31. Bxf4 exf4 32. Nxf4 Bh4 33. Qe1 Nf7 34. Qe3
Qc8 35. Nfh5 Ne5 36. Qf4 Be7 37. Nf6+ Bxf6 38. Qxf6 Qf8 39. Qg5+ Ng6 40. Ne4 Kg7
41. f3 Qe7 42. Qg3 Qe5 43. Qg5 Qxg5 44. Nxg5 Nf4 45. Ne4 Kf8 46. Nxd6 Ne2+ 0-1